000 00804nam a2200241 a 4500
001 000020473
003 DO-SdBNP
005 20251106082348.0
008 100809s2004 dr c 000 0 spa d
040 _aDO-SdBNP
_bspa
_cBNPHU
082 _a510
_bV468m
100 1 _aVentura, Eduardo
_930651
245 1 0 _aMatemática superior 1 :
_bmanual de prácticas /
_cEduardo Ventura, Roberto Morel.
250 _a2a ed.
260 _aSanto Domingo :
_bUniversidad Católica Santo Domingo,
_c2004.
300 _a99 p. :
_bretrs. ;
_c28 cm.
650 4 _aMatemática
_xEnseñanza
_930652
650 4 _aMatemática
_xProblemas, ejercicios, etc.
_930653
650 0 _aÁlgebra
_xEnseñanza
_925976
650 0 _aÁlgebra
_xProblemas, ejercicios, etc.
_925976
700 1 _aMorel, Roberto
_929572
942 _2ddc
_cLBS1
999 _c19977
_d19977